| 000 -ლიდერი |
| ფიქსირებული სიგრძის საკონტროლო ველი |
01274nam a2200229Ia 4500 |
| 001 - საკონტროლო ნომერი |
| საკონტროლო ველი |
302 |
| 003 - საკონტროლო ნომრის იდენტიფიკატორი |
| საკონტროლო ველი |
GE_BSU |
| 005 - ბოლო ოპერაციის თარიღი და დრო |
| საკონტროლო ველი |
20240610160840.0 |
| 008 - ფიქსირებული სიგრძის მონაცემთა ელემენტები - ზოგადი ინფორმაცია |
| ფიქსირებული სიგრძის საკონტროლო ველი |
181216s2011||||ge |||||||||||||| ||geo|| |
| 040 ## - კატალოგიზაციის წყარო |
| Transcribing agency |
GE_BSU |
| 041 ## - ენის კოდი |
| Language code of text/sound track or separate title |
geo |
| 080 ## - უნივერსალური ათობითი კლასიფიკაციის ინდექსი |
| Universal Decimal Classification number |
159.922.8+61 ბ-37 |
| 100 ## - მთავარი ჩანაწერი - პიროვნების სახელი |
| Personal name |
ბახტაძე, სოფიო |
| 9 (RLIN) |
6318 |
| 245 ## - ცნობა სათაურის შესახებ |
| Title |
ყურადღების დეფიციტისა და ჰიპერაქტივობის სინდრომის ელექტროფიზიოლოგიური კორელანტები და ნეიროუკუკავშირის როლი მის მართვაში : |
| Remainder of title |
დოქტორის აკადემიური ხარისხის მოსაპოვებლად მედიცინაში / |
| Statement of responsibility, etc |
სოფიო ბახტაძე. |
| 264 ## - წარმოების, გამოცემის, დისტრიბუციის და სხვა ცნობები |
| გამოცემის, წარმოების, დისტრიბუციის... ადგილი |
თბილისი, |
| გამოცემის, წარმოების, დისტრიბუციის... თარიღი |
2011. |
| 300 ## - ფიზიკური აღწერა |
| Extent |
234 გვ.; |
| Other physical details |
ცხრ., ილ. |
| 653 ## - INDEX TERM--UNCONTROLLED |
| Uncontrolled term |
ყურადღების დეფიციტი |
| 653 ## - INDEX TERM--UNCONTROLLED |
| Uncontrolled term |
ჰიპერაქტივობის სინდრომი |
| 700 ## - ADDED ENTRY--PERSONAL NAME |
| Personal name |
ჯანელიძე, მარინე |
| Relator term |
სამეცნ. ხელმძღვ. |
| 9 (RLIN) |
6316 |
| 942 ## - ADDED ENTRY ELEMENTS (KOHA) |
| Koha item type |
წიგნი |
| Source of classification or shelving scheme |
|